000
00301nam a2200133Ia 4500
100
_a
Yellow Series
942
_c
BK
654
_a
Die Design
245
_a
Press Die Design & Construction I
260
_b
Machinery Publication
_a
London
_c
1963
082
_a
621.9
300
_a
50
546
_a
ENGLISH
999
_c
26775
_d
26775